| 000 | 00339 a2200133 4500 | ||
|---|---|---|---|
| 001 | 90460 | ||
| 082 | _a616.398 ABD | ||
| 090 |
_c42793 _d42793 |
||
| 100 | _aAbdur Rehman | ||
| 245 |
_aGhazaon say motapay ka ilaj _cHakim Abdur Rehman |
||
| 260 |
_aLahore _bMushtaq Book Corner _c2005 |
||
| 300 | _a224p. | ||
| 500 | _aGeneral Collection | ||
| 942 |
_aCAE NUST _k616.398 ABD |
||
| 999 |
_c325533 _d325533 |
||